| Tag |
First Indicator |
Second Indicator |
Subfields |
| LEADER |
00000cam a2200000 a 4500 |
| 001 |
in00001404859 |
| 005 |
20151020064030.0 |
| 008 |
961119s1997 enkg b 001 0 eng |
| 010 |
|
|
|a 96049875
|
| 015 |
|
|
|a GB97-75284
|
| 019 |
|
|
|a 38014430
|
| 020 |
|
|
|a 0521452740
|
| 035 |
|
|
|a (OCoLC)36029682
|
| 035 |
|
|
|9 AHP4363AM
|
| 040 |
|
|
|a DLC
|c DLC
|d C#P
|d UKM
|d TXA
|d UtOrBLW
|
| 041 |
0 |
|
|a eng
|h ger
|
| 049 |
|
|
|a TXAM
|
| 050 |
0 |
0 |
|a MT6
|b .M313 1997
|
| 082 |
0 |
0 |
|a 781/.09/034
|2 21
|
| 100 |
1 |
|
|a Marx, Adolf Bernhard,
|d 1795-1866.
|
| 240 |
1 |
0 |
|a Works.
|k Selections.
|l English
|
| 245 |
1 |
0 |
|a Musical form in the age of Beethoven :
|b selected writings on theory and method /
|c A.B. Marx ; edited and translated by Scott Burnham.
|
| 264 |
|
1 |
|a Cambridge, U.K. ;
|a New York :
|b Cambridge University Press,
|c 1997.
|
| 300 |
|
|
|a xvi, 197 pages :
|b music ;
|c 24 cm.
|
| 336 |
|
|
|a text
|b txt
|2 rdacontent
|
| 337 |
|
|
|a unmediated
|b n
|2 rdamedia
|
| 338 |
|
|
|a volume
|b nc
|2 rdacarrier
|
| 490 |
1 |
|
|a Cambridge studies in music theory and analysis ;
|v 12
|
| 504 |
|
|
|a Includes bibliographical references (pages 189-191) and index.
|
| 650 |
|
0 |
|a Music theory
|x History
|y 19th century.
|
| 650 |
|
0 |
|a Musical analysis.
|
| 700 |
1 |
|
|a Burnham, Scott G.
|
| 830 |
|
0 |
|a Cambridge studies in music theory and analysis ;
|v 12.
|
| 948 |
|
|
|a c:jal
|
| 999 |
|
|
|a MARS
|
| 999 |
f |
f |
|s 9102bcd0-b880-3a3c-8031-a2601604684b
|i b1f344ab-2f5d-34c7-90de-8ceb956aff40
|t 0
|
| 952 |
f |
f |
|p ric
|a Texas A&M University
|b Rellis Campus
|c Joint Library Facility
|d Remote Storage
|t 0
|e MT6 .M313 1997
|h Library of Congress classification
|i unmediated -- volume
|m A14822491096
|
| 998 |
f |
f |
|a MT6 .M313 1997
|t 0
|l Remote Storage
|